000 00306nam a2200133Ia 4500
008 240624s9999 xx 000 0 und d
041 _aeng
082 _a306 MIC
100 _aMICHELS ROBERT
245 _aPOLITICAL PARTIES
260 _c1966
_aNew York
_bFree Press
300 _a380 : p.
365 _c
_b25
999 _c21265
_d21265